Maggior numero di Ritiri in Formula 1 - Statistics

Statistiche generali
  • Questo quiz è stato fatto 78 volte
  • Il punteggio medio è 4 su 10
Statistiche sulle risposte
Nazione Ritiri Pilota % Corretto
Italia 92 Jarno Trulli
59%
Brasile 86 Nelson Piquet
52%
Brasile 97 Rubens Barrichello
47%
Italia 146 Riccardo Patrese
41%
Italia 148 Andrea De Cesaris
39%
Italia 102 Michele Alboreto
32%
Austria 95 Gerhard Berger
30%
Francia 87 Jean Alesi
27%
Regno Unito 93 Nigel Mansell
26%
Francia 87 Jacques Laffite
15%
Nessun quiz corrispondente trovato
Distribuzione punteggi
Percentuale di utenti per punteggio
Percentile per numero di risposta
I tuoi punteggi nel tempo
Non hai fatto questo quiz